00321nam a2200109 a 4500008004100000050001600041100001900057245007800076260003800154300001000192350000900202120416s1988 ||||||||||||||||| || u aZ 674.8 Man aJohn, Edward R10aManagement issues in the networking environmentcedited by Edward R. John aNew YorkbThe Haworth Pressc1988 a141p. a0.00